000
00266nam a2200121Ia 4500
003
OSt
005
20230823095218.0
008
170524s9999 xx 000 0 und d
040
_c
IIMT UNIVERSITY
100
_a
BERMAN B
245
0
_a
RETAIL MANAGEMENT
942
_2
ddc
_c
02
999
_c
9971
_d
9971